Statistiques concernant QCM Harry Potter 1 Extrême FRANCAIS

Cliquez ici pour prendre le quiz!

Statistiques générales

  • Ce quiz a été pris 1 228 fois
  • Le résultat moyen est 9 sur 17

Statistiques - réponses

QuestionRéponse% Correct
De quelle manière les Potter ont-ils été tué selon la version donnée par les Dursley à Harry ?Dans un accident de voiture
96%
Quelle est l'adresse exacte des Dursley ?4 Privet Drive
80%
Quel carte de Chocogrenouille fait mention de Nicolas Flamel ?Dumbledore
75%
Qui passe à travers le mur pour rejoindre la voie 9 3/4 en premier ?Percy Weasley
67%
Où se rencontrent Harry et Drago Malfoy pour la première fois ?Chez Madame Guipure, prêt à porter pour mages et sorciers
65%
Lors de la remise de la Coupe des 4 maisons avant les points de dernières minutes attribués par Dumbledore à Ron, Hermione, Harry et Neville, quel était le classement des maisons ?Serpentard / Serdaigle / Poufsouffle / Gryffondor
64%
Sur l’échiquier géant Ron prend la place d'un cavalier et Hermione celle d'une tour. De quelle pièce Harry prend-t-il la place ?Le fou
59%
Qu'est ce qu'on obtient quand on ajoute de la racine d'asphodèle en poudre à une infusion d’armoise ?Un somnifère puissant : la Goutte du Mort
53%
Au début du chapitre 12 à quelle période de l'année nous nous trouvons ?Mi-décembre, Noël approche
50%
En quelle année est Olivier Dubois dans ce livre ?Cinquième
49%
Pour l’entraînement d'Harry qu'utilise Dubois à la place d'un réel Vif d'or ?Des balles de golf
44%
Combien Dudley Dursley aura-t-il de cadeau au total pour son 11e anniversaire ?39
43%
Quel livre Hagrid a-t-il emprunté à la bibliothèque pour pouvoir avoir plus d'information sur son dragon Norbert ?L'élevage des dragons pour l'agrément ou le commerce
36%
Alors que Harry joue son premier match de Quidditch il perd le contrôle de son balai. Même s'il ne le sait pas encore, c'est Quirrell qui lui jette un sort. Cependant, son incantation s'arrête. Pourquoi ?Il est bousculé par Hermione
28%
Dans quel maison est envoyé la dernière personne à passer sous le Choixpeau cette année là ?Serpentard
24%
Pétunia, Harry et Dudley suivent Vernon qui cherche à tout prix à s'éloigner des lettres que Harry reçoit sans cesse. Ils s’arrêtent tous, une nuit dans un hôtel, dans quelle ville se trouve-t-il ?Carbone-les-Mines
23%
Après la découverte de la licorne sauvagement tuée dans la forêt interdite lors de leur punition avec Hagrid, Harry, Hermione, Neville et Draco rencontrent un centaure. Quel est son nom ?Ronan
19%

Distribution des résultats

Percentile par nombre de réponses

% des personnes avec chaque résultat

Votre développement - résultats

Vous n’avez pas pris ce quiz